00924nam a2200217 a 4500001001300000003000900013005001700022008004100039020001800080040002800098082002200126100002100148245016600169250008500335260003700420300004700457490004300504650005100547650007300598700003500671C01458583c-5CO-ViMGA20230915233135.0150219s2014 ck a gr 00010 spa d a9789587731415 aCO-ViMGAbspacCO-ViMGA04a467.98bR83v 2211 aRuíz, Clarisa.13aLa voz de los hermanos mayores : bpequeño diccionario ilustrado de americanismos y otras palabras de estos lugares / cClarisa Ruiz ; ilustraciones de Alekos. aEdicin̤ especial para El Ministerio de Cultura, Biblioteca Nacional de Colombia aMadrid : bEdiciones SM, c2014. a171 páginas : bilustraciones ; c19 cm.1 aColección el barco de vapor ; v32-C14aEspañolv Diccionariosv Literatura juvenil.14aEspañolx Formación de palabrasx Historiav Literatura juvenil.0 aAlekos, d1953-, eilustrador.